Largest Exporters of Products with Exceptions - Statistics

General Stats
  • This quiz has been taken 33 times
  • The average score is 12 of 15
Answer Stats
Hint Bill. USD Answer % Correct
Other Meat 25 Brazil
96%
Plastics 69 Germany
93%
Manufactured Chemicals 12 Germany
93%
Iron/Steel 31 Germany
93%
Rail (Machinery + Infrastructure) 4 Germany
93%
Beverages 21 France
89%
Explosives 0.4 France
89%
Cotton 7 India
89%
Wood 14 Canada
82%
Fertilisers 14 Russia
82%
Electronics 224 Taiwan
75%
Copper 20 Chile
61%
Seafood/life 15 Norway
57%
Phones (specifically) 59 Vietnam
54%
Hand-woven Fabrics (knitting) 2 Turkiye
7%
No matching quizzes found
Score Distribution
Percent of People with Each Score
Percentile by Number Answered
Your Score History
You have not taken this quiz